Οι ακαδημαϊκές βιβλιοθήκες και η πρόκληση του εκσυγχρονισμού = Academic libraries and the challenge of reconstruction : πρακτικά 6ου Πανελλήνιου Συνεδρίου Ακαδημαϊκών Βιβλιοθηκών, Αθήνα, 5-7 Νοεμβρίου, 1997

Αποθηκεύτηκε σε:
Λεπτομέρειες βιβλιογραφικής εγγραφής
Συγγραφή απο Οργανισμό/Αρχή: Πανελλήνιο Συνέδριο Ακαδημαϊκών Βιβλιοθηκών Αθήνα
Άλλοι συγγραφείς: Καρυπίδου, Ράνια (Επιμελητής έκδοσης), Φραντζή, Ηρώ (Επιμελητής έκδοσης)
Μορφή: Πρακτικό Συνεδρίου Βιβλίο
Γλώσσα:Greek
Δημοσίευση: Αθήνα : Εθνικό και Καποδιστριακό Πανεπιστήμιο Αθηνών, 1998
Θέματα:
Ετικέτες: Προσθήκη ετικέτας
Δεν υπάρχουν, Καταχωρήστε ετικέτα πρώτοι!

MARC

LEADER 00000cam a2200000 i 4500
001 1/26471
008 020819s1998 gre d
020 |a 960-8460-21-3 
035 |l 10068260 
040 |a GR-MY-UA  |b gre  |e aacr 
041 0 |a gre 
082 0 |a 027.709495 
111 2 |a Πανελλήνιο Συνέδριο Ακαδημαϊκών Βιβλιοθηκών  |n (6o:  |d 1997:  |c Αθήνα) 
245 1 3 |a Οι ακαδημαϊκές βιβλιοθήκες και η πρόκληση του εκσυγχρονισμού =  |b Academic libraries and the challenge of reconstruction : πρακτικά 6ου Πανελλήνιου Συνεδρίου Ακαδημαϊκών Βιβλιοθηκών, Αθήνα, 5-7 Νοεμβρίου, 1997 /  |c Πανελληνιο Συνέδριο Ακαδημαϊκών Βιβλιοθηκών ; επιμέλια Ράνια Καρυπίδου, Ηρώ Φραντζή 
260 |a Αθήνα :   |b Εθνικό και Καποδιστριακό Πανεπιστήμιο Αθηνών,   |c 1998 
300 |a 497 σ.;  |c 24 εκ. 
650 0 0 |a Academic libraries  |z Greece  |v Congresses. 
700 1 |a Καρυπίδου, Ράνια.  |4 edt 
700 1 |a Φραντζή, Ηρώ.  |4 edt 
852 |a INST  |b RHODES  |e 20020819  |h 027.709495 ΠΑΝ  |p 005400013461  |q 005400013461  |t BK  |y 0 
901 |a BIBL4-2002-2 
909 |a Ρ  |b 073851 
970 |a ΚΟΥΛΑΚΙΟΤΗ  |b ΛΙΤΣΑ  |z 2002/08/19